[Event "Manizales Feria op 29th"]
[Site "Manizales"]
[Date "2024.01.06"]
[Round "2"]
[White "Canon Valencia, David"]
[Black "Ocampo Arredondo, Luis Fernando"]
[Result "0-1"]
[WhiteElo "1500"]
[BlackElo "1199"]
[PlyCount "36"]
[EventDate "2024.01.05"]
[EventType "swiss"]
[EventRounds "7"]
[EventCountry "COL"]
[SourceTitle "CB02_2024"]
[SourceDate "2024.01.10"]
[SourceVersion "1"]
[SourceVersionDate "2024.01.10"]
[SourceQuality "1"]

1. e4 d6 2. d4 Nf6 3. Nc3 g6 4. Bc4 Bg7 5. Nf3 0-0 6. 0-0 Nc6 7. Be3 e5 8. Nb5 Nxe4 9. Bg5 Nxg5 10. h4 Nxf3+ 11. Qxf3 Qxh4 12. g3 Qh5 13. Qe4 Bf5 14. Qd5 Rab8 15. Rae1 Nxd4 16. c3 Nf3+ 17. Kg2 Bh3+ 18. Kh1 Bxf1# 0-1

[Event "Manizales Feria op 29th"]
[Site "Manizales"]
[Date "2024.01.05"]
[Round "1"]
[White "Bravo, Juan Eduardo"]
[Black "Canon Valencia, David"]
[Result "1-0"]
[WhiteElo "1691"]
[BlackElo "1500"]
[PlyCount "61"]
[EventDate "2024.01.05"]
[EventType "swiss"]
[EventRounds "7"]
[EventCountry "COL"]
[SourceTitle "CB02_2024"]
[SourceDate "2024.01.10"]
[SourceVersion "1"]
[SourceVersionDate "2024.01.10"]
[SourceQuality "1"]

1. e4 e5 2. d4 f6 3. dxe5 fxe5 4. Qh5+ g6 5. Qxe5+ Be7 6. Qxh8 d5 7. Qxg8+ Bf8 8. Bh6 Nd7 9. Bxf8 Nxf8 10. Qxd5 Be6 11. Qxb7 a5 12. Bb5+ Nd7 13. Bxd7+ Bxd7 14. Qd5 c6 15. Qg8+ Ke7 16. Qg7+ Ke8 17. Nf3 Bg4 18. Nbd2 a4 19. Ne5 Be6 20. Qh8+ Ke7 21. Nxc6+ Kd7 22. Nxd8 Rxd8 23. Qe5 Rc8 24. c4 Bxc4 25. Nxc4 Rxc4 26. Qd5+ Ke7 27. Qxc4 h5 28. 0-0-0 g5 29. Qc6 h4 30. Rd7+ Ke8 31. Qc8# 1-0